000 01323nam0a22002771 4500
001 rc\3413262
005 20130115140542.7
021 _aRU
_b[73-53107ж]
035 _a(NLR Aleph) 007578853
090 _a5486170
_c5486170
100 _a20130115d1973 |||y0rusy50 ca
101 0 _arus
102 _aRU
105 _aa z |||||
200 1 _aРазработка автоматизированной системы бухгалтерского учета на железнодорожном транспорте
_e[Сборник статей]
_fПод ред. д-ра экон. наук, проф. Н.Г. Винниченко
210 _aМосква
_c[МИИТ]
_d1973
215 _a166 с.
_cчерт.
_d22
225 1 _aТруды Московского института инженеров железнодорожного транспорта
_vВып. 426
606 _aБухгалтерский учет на транспорте
_jСборники
_2psbo
606 _aЖелезнодорожный транспорт
_xУчет и отчетность
_xАвтоматизация
_jСборники
_2psbo
702 1 _aВинниченко
_bН. Г.
_gНиколай Гаврилович
_4340
801 0 _aRU
_bNLR
_gpsbo
801 1 _aRU
_bELAR
_2rusmarc
852 _aNLR
_jП10/615
942 _cBOOK
980 _aNB